000 01869nam a2200241Ia 4500
008 260220t1974||||xx |||||||||||||| ||spa||
040 _aPY-SlUNAC
_bspa
_erda
041 _aspa
082 _a535.842
_bM799e
100 _aMorcillo Rubio, Jesús
_eAutor
245 0 _aEspectroscopia infrarroja /
_cpor Jesús Morcillo Rubio [Autor]
264 _aWashington D. C. :
_bOrganización de los Estados Americanos,
_c℗1974.
300 _a1 volumen
520 _aEl libro "Espectroscopia infrarroja" de Jesús Morcillo Rubio, publicado por la Organización de los Estados Americanos en 1974, ofrece una introducción detallada a los principios y aplicaciones de la espectroscopia en la región infrarroja del espectro electromagnético. A lo largo de sus capítulos, el autor explora los fundamentos teóricos que sustentan esta técnica analítica, incluyendo la interacción de la radiación infrarroja con la materia y las leyes físicas que rigen estos fenómenos. Morcillo Rubio también aborda los instrumentos y metodologías utilizados en espectroscopia infrarroja, así como su relevancia en diversas disciplinas científicas, desde la química hasta la biología y la ciencia de materiales. El libro se convierte en una herramienta valiosa para estudiantes e investigadores, facilitando la comprensión de la espectroscopia infrarroja como un método crucial para el análisis estructural y la identificación de compuestos. Su enfoque accesible y pedagógico contribuye a la difusión del conocimiento en esta área de estudio, promoviendo su uso en la investigación científica contemporánea.
653 _aEspectroscopía
653 _aInfrarrojos
653 _aQuímica analítica
942 _b2026/02/17
_cBK
999 _c7772
_d7772